[Event "Titled Tuesday intern op 04th Apr Late"]
[White "McNeill, Gordon John"]
[Black "Bruedigam, Martin"]
[Site "Chess.com INT"]
[Round "5"]
[Result "0-1"]
[Date "2023.04.04"]
[WhiteElo "2103"]
[BlackElo "2378"]
[PlyCount "84"]
[EventDate "2023.04.04"]
[EventType "swiss (blitz)"]
[EventRounds "11"]
[EventCountry "USA"]
[SourceTitle "EXT 2024"]
[Source "ChessBase"]
[SourceDate "2023.10.10"]
[SourceVersion "1"]
[SourceVersionDate "2023.10.10"]
[SourceQuality "1"]

1. e4 c6 2. Nf3 d5 3. Nc3 Bg4 4. h3 Bxf3 5. Qxf3 e6 6. d4 Nd7 7. Bd3 dxe4 8. Nxe4 Ngf6 9. 0-0 Be7 10. b3 0-0 11. Bb2 Nxe4 12. Bxe4 Bf6 13. Rad1 Qa5 14. a4 Rfd8 15. Rfe1 g6 16. c4 Bg7 17. Bc2 Rac8 18. Bc3 Qc7 19. Ba1 a5 20. h4 Nf8 21. h5 Rd7 22. hxg6 hxg6 23. Be4 Rcd8 24. d5 Bxa1 25. Rxa1 cxd5 26. cxd5 exd5 27. Bd3 Re7 28. Rac1 Rxe1+ 29. Rxe1 Qd6 30. Qe3 b6 31. Qd4 Qc5 32. Qe5 Rd6 33. Qe7 Re6 34. Rxe6 Nxe6 35. Qd7 Kg7 36. g3 Nd4 37. Kg2 Nxb3 38. Qe8 Qd6 39. Bb5 Nc5 40. Qc8 d4 41. Bc4 Qd7 42. Qa6 Nxa6 0-1

[Event "Titled Tuesday intern op 30th Aug Early"]
[White "McNeill, Gordon John"]
[Black "Itgelt, Khuyagtsogt"]
[Site "Chess.com INT"]
[Round "1"]
[Result "1-0"]
[Date "2022.08.30"]
[WhiteElo "2103"]
[BlackElo "2184"]
[PlyCount "87"]
[EventDate "2022.08.30"]
[EventType "swiss (blitz)"]
[EventRounds "11"]
[EventCountry "USA"]
[SourceTitle "EXT 2023"]
[Source "ChessBase"]
[SourceDate "2022.10.05"]
[SourceVersion "1"]
[SourceVersionDate "2022.10.05"]
[SourceQuality "1"]

1. e4 e6 2. d4 d5 3. Bd3 c5 4. exd5 Qxd5 5. Nc3 Qd8 6. Nf3 Nc6 7. Bb5 Bd7 8. d5 exd5 9. Nxd5 Qa5+ 10. Bd2 Qd8 11. 0-0 Be6 12. Nf4 Bd7 13. Bc3 Nf6 14. Re1+ Be7 15. Bxf6 gxf6 16. Nd5 Be6 17. Nxe7 Kxe7 18. Bxc6 Qxd1 19. Raxd1 bxc6 20. Re3 Rhd8 21. Rde1 c4 22. c3 a5 23. Nd4 Rd6 24. Nf5+ Kd7 25. Nxd6 Kxd6 26. Rd1+ Bd5 27. Rd2 a4 28. a3 Rg8 29. f3 f5 30. Kf2 h5 31. h4 Rb8 32. Rde2 Be6 33. Kg3 Ke7 34. Kf4 Kf6 35. Re5 Ra8 36. Rd2 Ra6 37. Rd8 Rb6 38. Re2 Ra6 39. Rh8 Kg6 40. Ke5 Ra5+ 41. Kd6 Bd5 42. Ree8 Kf6 43. Reg8 f4 44. Rh6+ 1-0

[Event "Titled Tuesday intern op 14th Jun Early"]
[White "McNeill, Gordon John"]
[Black "Perez Rodriguez, Jennifer"]
[Site "Chess.com INT"]
[Round "7"]
[Result "0-1"]
[Date "2022.06.14"]
[WhiteElo "2092"]
[BlackElo "2251"]
[PlyCount "80"]
[EventDate "2022.06.14"]
[EventType "swiss (blitz)"]
[EventRounds "11"]
[EventCountry "USA"]
[SourceTitle "EXT 2023"]
[Source "ChessBase"]
[SourceDate "2022.10.05"]
[SourceVersion "1"]
[SourceVersionDate "2022.10.05"]
[SourceQuality "1"]

1. e4 e5 2. Nf3 Nc6 3. Bc4 Nf6 4. d4 exd4 5. e5 d5 6. Bb5 Ne4 7. Nxd4 Bd7 8. Bxc6 bxc6 9. 0-0 Bc5 10. f3 Ng5 11. Be3 Bb6 12. f4 Ne4 13. Nd2 Nxd2 14. Qxd2 c5 15. Nf3 d4 16. Bf2 Bc6 17. Bh4 Qd5 18. f5 Kd7 19. e6+ fxe6 20. fxe6+ Kc8 21. Rae1 Kb7 22. c4 Qxc4 23. e7 Rae8 24. Ne5 Qd5 25. Nxc6 Qxc6 26. Rf7 c4 27. Ref1 c3 28. Qf4 d3+ 29. Kh1 c2 30. Qd2 Ba5 31. b4 Bb6 32. Bg5 h6 33. Bf4 Qd5 34. a4 Qxf7 35. a5 Bd4 36. Qxd3 Qxf4 37. Qb5+ Kc8 38. Qa6+ Kd7 39. Qb5+ c6 40. Qd3 c1Q 0-1

[Event "Titled Tuesday intern op 14th Jun Late"]
[White "McNeill, Gordon John"]
[Black "Swicarz, Maciej"]
[Site "Chess.com INT"]
[Round "2"]
[Result "1-0"]
[Date "2022.06.14"]
[WhiteElo "2092"]
[BlackElo "2335"]
[PlyCount "81"]
[EventDate "2022.06.14"]
[EventType "swiss (blitz)"]
[EventRounds "11"]
[EventCountry "USA"]
[SourceTitle "EXT 2023"]
[Source "ChessBase"]
[SourceDate "2022.10.05"]
[SourceVersion "1"]
[SourceVersionDate "2022.10.05"]
[SourceQuality "1"]

1. e4 c5 2. Nf3 d6 3. d4 cxd4 4. Nxd4 Nf6 5. Nc3 a6 6. Be2 e5 7. Nb3 Be7 8. Be3 0-0 9. Qd3 Be6 10. Nd5 Nbd7 11. c4 Rc8 12. 0-0 Bxd5 13. cxd5 b5 14. a4 Rc4 15. axb5 axb5 16. Nd2 Rc8 17. b4 Rb8 18. Ra5 Nc5 19. Qc2 Rc8 20. Qb1 Na4 21. Bxb5 Nc3 22. Qd3 Nxb5 23. Rxb5 Rb8 24. Rc1 Nd7 25. Rc6 g6 26. Rxb8 Qxb8 27. b5 Bd8 28. Nc4 Qxb5 29. Nxe5 Qxd3 30. Nxd3 Be7 31. Rc7 Rd8 32. Nb4 Kf8 33. f4 Nf6 34. Nc6 Re8 35. e5 Nxd5 36. exd6 Bxd6 37. Rd7 Bxf4 38. Bc5+ Kg8 39. Rxd5 Rc8 40. Ne7+ Kg7 41. Nxc8 1-0

[Event "Titled Tuesday intern op 08th Mar Late"]
[White "McNeill, Gordon John"]
[Black "Espinosa, Pedro"]
[Site "Chess.com INT"]
[Round "4"]
[Result "1-0"]
[Date "2022.03.08"]
[WhiteElo "2092"]
[BlackElo "2046"]
[PlyCount "173"]
[EventDate "2022.03.08"]
[EventType "swiss (blitz)"]
[EventRounds "11"]
[EventCountry "USA"]
[SourceTitle "CBM 207 Extra"]
[Source "ChessBase"]
[SourceDate "2022.05.31"]
[SourceVersion "1"]
[SourceVersionDate "2022.05.31"]
[SourceQuality "1"]

1. e4 c5 2. Nf3 d6 3. d4 cxd4 4. Nxd4 Nf6 5. Nc3 Nc6 6. g3 g6 7. Bg2 Bg7 8. Be3 0-0 9. h3 Nxd4 10. Bxd4 e5 11. Be3 a6 12. a4 Qc7 13. a5 Be6 14. 0-0 Rfd8 15. Bb6 Qc6 16. Bxd8 Rxd8 17. Nd5 Qd7 18. c4 Nxd5 19. cxd5 Bxh3 20. Bxh3 Qxh3 21. Rc1 Qd7 22. Qb3 f5 23. exf5 gxf5 24. Qb6 f4 25. Rc7 Qe8 26. f3 fxg3 27. Kg2 Bf6 28. Qb3 Qg6 29. Qc2 Qxc2+ 30. Rxc2 Rd7 31. Kxg3 Bd8 32. b4 Kf7 33. Kg4 Ke8 34. Rh1 Rg7+ 35. Kf5 Kd7 36. Rhh2 Rf7+ 37. Ke4 Rf4+ 38. Ke3 Rf7 39. Rh5 h6 40. Rg2 Bg5+ 41. Ke2 Rf4 42. Rg4 Rf7 43. Rh1 Rf8 44. Rd1 Rc8 45. Rb1 Rc2+ 46. Kf1 Rd2 47. b5 axb5 48. Rxb5 Kc7 49. Rc4+ Kd8 50. Rxb7 Ra2 51. Rh7 Rxa5 52. Rb4 Ra8 53. Rbb7 Ra1+ 54. Kg2 Kc8 55. Rbg7 Bd8 56. Rh8 Ra5 57. Rgg8 Rxd5 58. Rxd8+ Kc7 59. Rdg8 Kc6 60. Rxh6 Rb5 61. Rgg6 Rd5 62. Kg3 Kc5 63. f4 Rd3+ 64. Kg4 Rd4 65. Rf6 exf4 66. Rxf4 Rd1 67. Rh5+ d5 68. Kf5 d4 69. Ke6+ Kc4 70. Kd6 Kc3 71. Kc5 d3 72. Rh3 Kc2 73. Rc4+ Kd2 74. Kd4 Ke2 75. Re3+ Kf2 76. Rxd3 Re1 77. Rc2+ Kf1 78. Rdd2 Re7 79. Rh2 Kg1 80. Rhd2 Kf1 81. Rc1+ Re1 82. Rxe1+ Kxe1 83. Ke3 Kf1 84. Ra2 Kg1 85. Kf3 Kh1 86. Kg3 Kg1 87. Ra1# 1-0

[Event "Titled Tuesday intern op 24th Aug"]
[White "Havanecz, Bianka"]
[Black "McNeill, Gordon John"]
[Site "Chess.com INT"]
[Round "3"]
[Result "0-1"]
[Date "2021.08.24"]
[WhiteElo "2257"]
[BlackElo "2114"]
[PlyCount "110"]
[EventDate "2021.08.24"]
[EventType "swiss (blitz)"]
[EventRounds "11"]
[EventCountry "USA"]
[SourceTitle "EXT 2022"]
[Source "ChessBase"]
[SourceDate "2021.10.06"]
[SourceVersion "1"]
[SourceVersionDate "2021.10.06"]
[SourceQuality "1"]

1. d4 Nf6 2. Nf3 g6 3. c4 Bg7 4. g3 0-0 5. Bg2 c5 6. d5 e6 7. Nc3 exd5 8. cxd5 d6 9. 0-0 Re8 10. Re1 Bg4 11. a4 Bxf3 12. Bxf3 Nbd7 13. Bg2 Ne5 14. h3 h5 15. e4 h4 16. g4 c4 17. Bg5 Qb6 18. Re2 Nd3 19. Qc2 Nd7 20. a5 Qb3 21. Qxb3 cxb3 22. Rd1 N7c5 23. Nb5 Nxb2 24. Rb1 Nc4 25. Nc7 b2 26. Nxe8 Rxe8 27. Bxh4 Na4 28. Rc2 Na3 29. Rcxb2 Nxb2 30. Rc1 Nac4 31. Bf1 Rxe4 32. Bg3 b5 33. axb6 axb6 34. Kg2 b5 35. Kf3 Rd4 36. Bxc4 Nxc4 37. Rb1 Na3 38. Rb3 b4 39. Bxd6 Bf8 40. Bxf8 Kxf8 41. Ke3 Rc4 42. Kd3 Rc3+ 43. Kd4 Rxb3 44. f4 Ke8 45. f5 Kd7 46. fxg6 fxg6 47. h4 Rh3 48. h5 gxh5 49. gxh5 Rxh5 50. Kc5 b3 51. Kd4 b2 52. d6 b1Q 53. Kc3 Qc2+ 54. Kb4 Rb5+ 55. Kxa3 Qb3# 0-1

[Event "Titled Tuesday intern op 22nd Dec"]
[White "McNeill, Gordon John"]
[Black "Derraugh, Geordie"]
[Site "Chess.com INT"]
[Round "4"]
[Result "1/2-1/2"]
[Date "2020.12.22"]
[WhiteElo "2114"]
[BlackElo "2169"]
[PlyCount "149"]
[EventDate "2020.12.22"]
[EventType "swiss (blitz)"]
[EventRounds "11"]
[EventCountry "USA"]
[SourceTitle "CBM 199 Extra"]
[Source "ChessBase"]
[SourceDate "2021.01.31"]
[SourceVersion "1"]
[SourceVersionDate "2021.01.31"]
[SourceQuality "1"]

1. e4 c5 2. Nf3 e6 3. d4 cxd4 4. Nxd4 Nc6 5. Nc3 Qc7 6. g3 a6 7. Bg2 Nf6 8. 0-0 h5 9. Re1 Nxd4 10. Qxd4 Bc5 11. Bf4 d6 12. Qd2 e5 13. Bg5 Be6 14. Bxf6 gxf6 15. Rad1 h4 16. a3 hxg3 17. hxg3 0-0-0 18. b4 Bd4 19. Ne2 Ba7 20. a4 Bh3 21. Bxh3+ Rxh3 22. Kg2 Rdh8 23. Rh1 Rxh1 24. Rxh1 Rxh1 25. Kxh1 Bxf2 26. Nc3 Bd4 27. Nd5 Qc4 28. Kg2 a5 29. c3 Ba7 30. Kf3 axb4 31. cxb4 Bd4 32. Ne7+ Kd7 33. Nf5 Qc3+ 34. Qxc3 Bxc3 35. b5 Kc7 36. Ne3 Ba5 37. Nd5+ Kd7 38. g4 Ke6 39. Kg3 Bd8 40. Kf3 b6 41. Ke2 Kd7 42. Kd3 Be7 43. Kc4 Bd8 44. Kb4 Ke6 45. Ne3 d5 46. Nxd5 Be7+ 47. Kc4 Bd8 48. Ne3 Kd6 49. Nf5+ Ke6 50. Ng7+ Kd6 51. Nf5+ Ke6 52. Ng3 Kd6 53. Ne2 Ke6 54. Kb3 Kd6 55. Nc1 Kc5 56. Nd3+ Kd4 57. Nb4 Kxe4 58. Nc6 Bc7 59. Kc4 Kf4 60. Ne7 Bd8 61. Nd5+ Kxg4 62. a5 bxa5 63. b6 Bxb6 64. Nxb6 e4 65. Kd4 Kf3 66. Nc4 f5 67. Nxa5 e3 68. Nc4 e2 69. Ne5+ Kf2 70. Nd3+ Kf1 71. Ke5 e1Q+ 72. Nxe1 Kxe1 73. Kxf5 Ke2 74. Kf6 Ke3 75. Kxf7 1/2-1/2

[Event "Titled Tuesday intern op 14th July"]
[White "McNeill, Gordon John"]
[Black "Haring, Filip"]
[Site "Chess.com INT"]
[Round "4"]
[Result "1-0"]
[Date "2020.07.14"]
[WhiteElo "2114"]
[BlackElo "2311"]
[PlyCount "169"]
[EventDate "2020.07.14"]
[EventType "swiss (blitz)"]
[EventRounds "10"]
[EventCountry "USA"]
[SourceTitle "CBM 197 Extra"]
[Source "ChessBase"]
[SourceDate "2020.09.30"]
[SourceVersion "1"]
[SourceVersionDate "2020.09.30"]
[SourceQuality "1"]

1. e4 c5 2. Nf3 Nc6 3. Bb5 g6 4. Bxc6 dxc6 5. d3 Bg7 6. h3 Nf6 7. a4 c4 8. e5 Nd7 9. d4 c5 10. c3 cxd4 11. cxd4 Nb6 12. Nc3 Bf5 13. 0-0 0-0 14. b3 Rc8 15. Bb2 Nd5 16. bxc4 Nxc3 17. Bxc3 Rxc4 18. Bb2 Qd5 19. Qb3 Rd8 20. Qb5 Bd3 21. Rfd1 Be2 22. Qxd5 Rxd5 23. Rdc1 Bh6 24. Rxc4 Bxc4 25. Bc1 Bf8 26. Ba3 Ra5 27. Bb4 Ra6 28. a5 Bd5 29. Rc1 Rc6 30. Rxc6 Bxc6 31. Nd2 Kg7 32. Nb3 b6 33. axb6 axb6 34. f4 Bd5 35. Nd2 f6 36. Nf1 Kf7 37. Ne3 e6 38. Bxf8 Kxf8 39. Kf2 fxe5 40. dxe5 Bb3 41. g4 Ke7 42. Ke2 b5 43. Kd2 Kd7 44. Kc3 Ba2 45. Kb4 Kc6 46. Nc2 Bb1 47. Nd4+ Kd7 48. Kxb5 Be4 49. Kc5 Bg2 50. h4 Bh3 51. g5 Bg2 52. Nb5 Bd5 53. Nd6 Bf3 54. Nf7 Ke7 55. Nh6 Be2 56. Kc6 Bd3 57. Ng4 Be2 58. Nf6 Kf7 59. Nxh7 Bd3 60. Nf6 Be2 61. Kd6 Bd1 62. Nd7 Be2 63. Nc5 Bg4 64. Nb7 Bh3 65. Nd8+ Kg7 66. Nxe6+ Kf7 67. Nd4 Bg4 68. e6+ Ke8 69. e7 Kf7 70. Nc6 Bh3 71. Ne5+ Ke8 72. Nxg6 Bf5 73. Ne5 Be6 74. Nd3 Bg8 75. h5 Bf7 76. g6 Bxg6 77. Ne5 Bxh5 78. f5 Bf7 79. f6 Bh5 80. Nc6 Bg4 81. Nb4 Be6 82. Na6 Kf7 83. Nc7 Bd7 84. Kxd7 Kxf6 85. e8Q 1-0

[Event "Titled Tuesday intern op 23rd June"]
[White "McNeill, Gordon John"]
[Black "Reimanis, Ritvars"]
[Site "Chess.com INT"]
[Round "1"]
[Result "0-1"]
[Date "2020.06.23"]
[WhiteElo "2114"]
[BlackElo "2421"]
[PlyCount "30"]
[EventDate "2020.06.23"]
[EventType "swiss (blitz)"]
[EventRounds "10"]
[EventCountry "USA"]
[SourceTitle "CBM 197 Extra"]
[Source "ChessBase"]
[SourceDate "2020.09.30"]
[SourceVersion "1"]
[SourceVersionDate "2020.09.30"]
[SourceQuality "1"]

1. e4 c5 2. Nf3 Nc6 3. Bb5 g6 4. Bxc6 dxc6 5. d3 Bg7 6. h3 b6 7. 0-0 Nf6 8. a4 a5 9. Nc3 Nd7 10. Nh2 e5 11. f4 exf4 12. Bxf4 Nf8 13. Ng4 h5 14. Be5 Bxe5 15. Nxe5 Qd4+ 0-1

[Event "Titled Tuesday intern op 26th May"]
[White "McNeill, Gordon John"]
[Black "Djokic, Mihailo"]
[Site "Chess.com INT"]
[Round "9"]
[Result "0-1"]
[Date "2020.05.26"]
[WhiteElo "2114"]
[BlackElo "2232"]
[PlyCount "172"]
[EventDate "2020.05.26"]
[EventType "swiss (blitz)"]
[EventRounds "10"]
[EventCountry "USA"]
[SourceTitle "CBM 196 Extra"]
[Source "ChessBase"]
[SourceDate "2020.07.31"]
[SourceVersion "1"]
[SourceVersionDate "2020.07.31"]
[SourceQuality "1"]

1. e4 c5 2. Nf3 d6 3. d4 cxd4 4. Nxd4 Nf6 5. Nc3 g6 6. Be3 Bg7 7. f3 0-0 8. Qd2 Nc6 9. 0-0-0 Bd7 10. h4 Qa5 11. Kb1 Rfc8 12. Nce2 Qxd2 13. Rxd2 Ne5 14. b3 h5 15. c4 a5 16. Nc3 a4 17. Be2 axb3 18. axb3 Ra3 19. Kb2 Rca8 20. Nc2 R3a5 21. Bb6 R5a6 22. Bd4 Be6 23. c5 Rc6 24. Bxe5 dxe5 25. b4 Bh6 26. Rdd1 Rcc8 27. Ra1 Rxa1 28. Rxa1 Rd8 29. Rd1 Rxd1 30. Nxd1 Bf4 31. b5 Kf8 32. b6 Nd7 33. c6 bxc6 34. b7 Ke8 35. Nb4 Kd8 36. Na6 Bg3 37. b8Q+ Nxb8 38. Nxb8 Kc7 39. Na6+ Kb6 40. Nc3 Bxh4 41. Nb4 Bf2 42. Bd1 Bd4 43. Nc2 Bf2 44. Be2 f5 45. Na3 Bd4 46. Kc2 Kc5 47. Nab1 f4 48. Nd2 g5 49. Ncb1 g4 50. Nb3+ Kd6 51. Nxd4 exd4 52. Nd2 g3 53. Nc4+ Bxc4 54. Bxc4 Kc5 55. Bf1 e5 56. Kd3 Kb4 57. Kc2 c5 58. Ba6 h4 59. Bc8 c4 60. Bd7 d3+ 61. Kd2 Kc5 62. Be6 Kd4 63. Bd7 c3+ 64. Kd1 Ke3 65. Ba4 Kf2 66. Bb5 Kxg2 67. Bxd3 h3 68. Kc2 h2 69. Kxc3 h1Q 70. Kc4 Qf1 71. Bxf1+ Kxf1 72. Kd5 g2 73. Kxe5 g1Q 74. Kxf4 Ke2 75. e5 Qe3+ 76. Kf5 Kxf3 77. Ke6 Qe4 78. Kd6 Kf4 79. e6 Kf5 80. e7 Kf6 81. Kd7 Qxe7+ 82. Kc6 Ke5 83. Kb5 Qc7 84. Kb4 Kd4 85. Kb3 Kd3 86. Kb2 Qb6+ 0-1

[Event "Titled Tuesday intern op 26th May"]
[White "McNeill, Gordon John"]
[Black "Nguyen, Hong Anh1"]
[Site "Chess.com INT"]
[Round "8"]
[Result "1/2-1/2"]
[Date "2020.05.26"]
[WhiteElo "2114"]
[BlackElo "1970"]
[PlyCount "68"]
[EventDate "2020.05.26"]
[EventType "swiss (blitz)"]
[EventRounds "10"]
[EventCountry "USA"]
[SourceTitle "CBM 196 Extra"]
[Source "ChessBase"]
[SourceDate "2020.07.31"]
[SourceVersion "1"]
[SourceVersionDate "2020.07.31"]
[SourceQuality "1"]

1. e4 c5 2. Nf3 Nc6 3. Bb5 g6 4. Bxc6 bxc6 5. d4 Nf6 6. e5 Nd5 7. c4 Nb6 8. dxc5 Nxc4 9. Qd4 Ba6 10. 0-0 Bg7 11. Re1 0-0 12. b3 Nxe5 13. Nxe5 d6 14. f4 dxe5 15. Qxd8 Raxd8 16. fxe5 Bxe5 17. Rxe5 Rd1+ 18. Kf2 Rxc1 19. Re1 Rc2+ 20. Kg1 Rd8 21. Na3 Rxc5 22. Rxe7 Ra5 23. Nc4 Bxc4 24. bxc4 Rd2 25. Rf1 Raxa2 26. Rfxf7 Rxg2+ 27. Kf1 Rxh2 28. Kg1 Rhg2+ 29. Kf1 Rh2 30. Kg1 Rhe2 31. Rg7+ Kf8 32. Rgf7+ Kg8 33. Rg7+ Kf8 34. Rgf7+ Kg8 1/2-1/2

[Event "Titled Tuesday intern op 12th May"]
[White "Ambartsumova, Karina"]
[Black "McNeill, Gordon John"]
[Site "Chess.com INT"]
[Round "6"]
[Result "1-0"]
[Date "2020.05.12"]
[WhiteElo "2371"]
[BlackElo "2114"]
[PlyCount "55"]
[EventDate "2020.05.12"]
[EventType "swiss (blitz)"]
[EventRounds "10"]
[EventCountry "USA"]
[SourceTitle "EXT 2021"]
[Source "ChessBase"]
[SourceDate "2020.10.23"]
[SourceVersion "1"]
[SourceVersionDate "2020.10.23"]
[SourceQuality "1"]

1. e4 e6 2. d4 d5 3. Nc3 Bb4 4. e5 c5 5. a3 Bxc3+ 6. bxc3 Qa5 7. Bd2 Qa4 8. dxc5 Nc6 9. Nf3 Nge7 10. Bd3 Ng6 11. Qe2 Nf4 12. Bxf4 Qxf4 13. c4 Nd4 14. Nxd4 Qxd4 15. 0-0 Qxc5 16. cxd5 Qxd5 17. Rfd1 Qc5 18. Bb5+ Ke7 19. Rd2 a6 20. Ba4 b5 21. Qe4 Bd7 22. Rad1 Rhd8 23. Qh4+ f6 24. exf6+ gxf6 25. Qxh7+ Ke8 26. Rxd7 Rxd7 27. Rxd7 bxa4 28. Qf7# 1-0

[Event "Titled Tuesday intern op 12th May"]
[White "Denishev, Marat"]
[Black "McNeill, Gordon John"]
[Site "Chess.com INT"]
[Round "1"]
[Result "1-0"]
[Date "2020.05.12"]
[WhiteElo "2159"]
[BlackElo "2114"]
[PlyCount "79"]
[EventDate "2020.05.12"]
[EventType "swiss (blitz)"]
[EventRounds "10"]
[EventCountry "USA"]
[SourceTitle "EXT 2021"]
[Source "ChessBase"]
[SourceDate "2020.10.23"]
[SourceVersion "1"]
[SourceVersionDate "2020.10.23"]
[SourceQuality "1"]

1. d4 f5 2. c4 Nf6 3. Nc3 g6 4. h4 Bg7 5. h5 Nxh5 6. Rxh5 gxh5 7. e4 0-0 8. e5 c5 9. dxc5 Bxe5 10. Qd5+ Rf7 11. Qxe5 Nc6 12. Qg3+ Rg7 13. Qf3 d6 14. cxd6 Qxd6 15. Qd5+ Be6 16. Qxd6 exd6 17. Bf4 Ne5 18. b3 Rg4 19. g3 Ng6 20. Bxd6 h4 21. 0-0-0 hxg3 22. fxg3 Rc8 23. Nf3 a6 24. Nd4 Kf7 25. Be2 Rg5 26. a4 h5 27. Rh1 Rd8 28. Nxe6 Kxe6 29. Bc7 Rd7 30. Bb8 Rd8 31. Bf4 Nxf4 32. gxf4 Rg3 33. Kc2 Rg2 34. Rxh5 Rdg8 35. Rh6+ R8g6 36. Rxg6+ Rxg6 37. Bf3 Rg3 38. Bxb7 a5 39. c5 Rg2+ 40. Bxg2 1-0

[Event "Titled Tuesday intern op 12th May"]
[White "Issani, Nameer"]
[Black "McNeill, Gordon John"]
[Site "Chess.com INT"]
[Round "2"]
[Result "1-0"]
[Date "2020.05.12"]
[WhiteElo "2070"]
[BlackElo "2114"]
[PlyCount "75"]
[EventDate "2020.05.12"]
[EventType "swiss (blitz)"]
[EventRounds "10"]
[EventCountry "USA"]
[SourceTitle "EXT 2021"]
[Source "ChessBase"]
[SourceDate "2020.10.23"]
[SourceVersion "1"]
[SourceVersionDate "2020.10.23"]
[SourceQuality "1"]

1. g3 e5 2. Bg2 d5 3. c4 c6 4. b3 Nf6 5. Bb2 Bd6 6. e3 0-0 7. Ne2 Bf5 8. Nbc3 e4 9. 0-0 Qd7 10. Na4 Bh3 11. Bxf6 Bxg2 12. Kxg2 gxf6 13. Nac3 Qe6 14. Nd4 Qe5 15. cxd5 cxd5 16. f4 exf3+ 17. Rxf3 Nc6 18. Rf5 Qe8 19. Qg4+ Kh8 20. Qh4 Be5 21. Rh5 f5 22. Rxh7+ Kg8 23. Rh5 Nxd4 24. exd4 Bg7 25. g4 Rc8 26. Re1 Qd8 27. Qxd8 Rcxd8 28. Rxf5 Bxd4 29. Nxd5 Bg7 30. Ne7+ Kh7 31. Rh5+ Bh6 32. g5 Rg8 33. Rxh6+ Kg7 34. Nf5+ Kf8 35. h4 Rxd2+ 36. Kf3 Rxa2 37. Rd6 f6 38. Rxf6# 1-0

[Event "Titled Tuesday intern op 12th May"]
[White "McNeill, Gordon John"]
[Black "Aliavdin, Nikolai"]
[Site "Chess.com INT"]
[Round "3"]
[Result "1/2-1/2"]
[Date "2020.05.12"]
[WhiteElo "2114"]
[BlackElo "2315"]
[PlyCount "160"]
[EventDate "2020.05.12"]
[EventType "swiss (blitz)"]
[EventRounds "10"]
[EventCountry "USA"]
[SourceTitle "EXT 2021"]
[Source "ChessBase"]
[SourceDate "2020.10.23"]
[SourceVersion "1"]
[SourceVersionDate "2020.10.23"]
[SourceQuality "1"]

1. e4 c5 2. Nf3 d6 3. d4 cxd4 4. Nxd4 Nf6 5. Nc3 a6 6. h3 e5 7. Nde2 h5 8. Bg5 Be6 9. Bxf6 Qxf6 10. Nd5 Qd8 11. Nec3 Nd7 12. Be2 g6 13. Ne3 Rc8 14. Ncd5 Nc5 15. Bd3 Bh6 16. 0-0 0-0 17. f4 exf4 18. Nxf4 Bd7 19. Ned5 Bc6 20. Nxh5 gxh5 21. Qxh5 Qg5 22. Nf6+ Kg7 23. Rf5 Qxh5 24. Nxh5+ Kh8 25. Raf1 Nxe4 26. Rxf7 Rxf7 27. Rxf7 Rf8 28. Rxf8+ Bxf8 29. g4 Be7 30. Nf4 Kg7 31. Ne6+ Kf6 32. Nd4 d5 33. Nxc6 bxc6 34. Bxa6 Ke5 35. Bd3 Kf4 36. Kg2 Bf6 37. b3 c5 38. a4 Bd8 39. Ba6 Ke5 40. Kf3 Ng5+ 41. Kg3 Ne4+ 42. Kf3 Bh4 43. Bd3 Ng5+ 44. Kg2 Be1 45. Kf1 Bh4 46. a5 Kd6 47. a6 Kc7 48. Ke2 Kb6 49. Ke3 Nxh3 50. c4 Bg5+ 51. Kf3 d4 52. Bf1 Nf4 53. Ke4 Kxa6 54. b4 cxb4 55. Kxd4 Ka5 56. c5 Ne6+ 57. Kc4 Bf4 58. Bd3 Nc7 59. Bc2 Bg5 60. Bd1 Be7 61. Bc2 Ne6 62. c6 Nc7 63. Bf5 Kb6 64. Be4 Ka5 65. Bf3 Ka4 66. Bd1+ Ka3 67. Bc2 Bg5 68. Bd1 Be7 69. Bc2 Kb2 70. Bd1 Kc1 71. Bb3 Kd2 72. Ba4 Ke3 73. Bb3 Kf4 74. Bd1 Ke5 75. Bf3 Kf4 76. Bd1 Ke3 77. Bb3 Kd2 78. Ba4 Kc1 79. Bb3 Kb2 80. Bd1 Ka3 1/2-1/2

[Event "Titled Tuesday intern op 21st April"]
[White "Mikhailovsky, Vladimir"]
[Black "McNeill, Gordon John"]
[Site "Chess.com INT"]
[Round "1"]
[Result "1-0"]
[Date "2020.04.21"]
[WhiteElo "2228"]
[BlackElo "2114"]
[PlyCount "67"]
[EventDate "2020.04.21"]
[EventType "swiss (blitz)"]
[EventRounds "10"]
[EventCountry "USA"]
[SourceTitle "EXT 2021"]
[Source "ChessBase"]
[SourceDate "2020.10.23"]
[SourceVersion "1"]
[SourceVersionDate "2020.10.23"]
[SourceQuality "1"]

1. e4 e6 2. d4 d5 3. Nd2 c5 4. Ngf3 cxd4 5. exd5 Qxd5 6. Bc4 Qd8 7. 0-0 Nc6 8. Nb3 a6 9. Nbxd4 Nxd4 10. Nxd4 Bd6 11. c3 Qc7 12. Qe2 Bxh2+ 13. Kh1 Be5 14. Nf5 exf5 15. f4 Be6 16. Bxe6 fxe6 17. fxe5 Ne7 18. Bf4 0-0-0 19. Rad1 h6 20. Rd6 g5 21. Bh2 f4 22. Rxe6 Nc6 23. Qh5 Nxe5 24. Bxf4 Qc4 25. Re1 Qxe6 26. Rxe5 Qc4 27. Be3 Qc6 28. Rc5 Rhe8 29. Rxc6+ bxc6 30. Qxh6 Kb7 31. Qg7+ Kc8 32. Qa7 Rd1+ 33. Kh2 Red8 34. Bb6 1-0

[Event "Titled Tuesday intern op 14th April"]
[White "McNeill, Gordon John"]
[Black "Pantzar, Milton"]
[Site "Chess.com INT"]
[Round "7"]
[Result "1-0"]
[Date "2020.04.14"]
[WhiteElo "2114"]
[BlackElo "2417"]
[PlyCount "87"]
[EventDate "2020.04.14"]
[EventType "swiss (blitz)"]
[EventRounds "10"]
[EventCountry "USA"]
[SourceTitle "EXT 2021"]
[Source "ChessBase"]
[SourceDate "2020.10.23"]
[SourceVersion "1"]
[SourceVersionDate "2020.10.23"]
[SourceQuality "1"]

1. e4 e5 2. Nf3 Nc6 3. Bc4 Bc5 4. c3 Nf6 5. d4 exd4 6. cxd4 Bb4+ 7. Nbd2 d5 8. exd5 Nxd5 9. 0-0 0-0 10. a3 Be7 11. h3 Nb6 12. Ba2 Nxd4 13. Ne4 c5 14. b4 Nxf3+ 15. Qxf3 cxb4 16. Rd1 Qe8 17. axb4 Be6 18. Bb1 f5 19. Nc5 Bxc5 20. bxc5 Nd7 21. Bb2 Qf7 22. c6 bxc6 23. Qxc6 Rfc8 24. Qf3 Rab8 25. Bd4 Bd5 26. Qg3 Rb7 27. Bxf5 Rcc7 28. Bxg7 Qxg7 29. Qxg7+ Kxg7 30. Rxd5 Nf6 31. Rd6 Ne8 32. Rd2 Re7 33. Rad1 Nf6 34. g4 h6 35. f4 Rb4 36. g5 hxg5 37. fxg5 Nh5 38. Rd7 Kf8 39. g6 Rxd7 40. Rxd7 Rb5 41. Bg4 Nf6 42. g7+ Kg8 43. Be6+ Kh7 44. g8Q+ 1-0

[Event "Titled Tuesday intern op 14th April"]
[White "Sebag, Marie"]
[Black "McNeill, Gordon John"]
[Site "Chess.com INT"]
[Round "6"]
[Result "1-0"]
[Date "2020.04.14"]
[WhiteElo "2438"]
[BlackElo "2114"]
[PlyCount "67"]
[EventDate "2020.04.14"]
[EventType "swiss (blitz)"]
[EventRounds "10"]
[EventCountry "USA"]
[SourceTitle "EXT 2021"]
[Source "ChessBase"]
[SourceDate "2020.10.23"]
[SourceVersion "1"]
[SourceVersionDate "2020.10.23"]
[SourceQuality "1"]

1. e4 e6 2. d4 d5 3. Nd2 c5 4. exd5 Qxd5 5. Ngf3 cxd4 6. Bc4 Qd8 7. 0-0 Nc6 8. Nb3 a6 9. Nbxd4 Nxd4 10. Nxd4 Qc7 11. Qe2 Bd6 12. h3 Ne7 13. b3 b5 14. Bd3 Bb7 15. Bb2 e5 16. Nf3 0-0 17. Nxe5 Rae8 18. f4 Nc6 19. Qh5 g6 20. Ng4 Bc5+ 21. Kh1 Bd4 22. Bxd4 Nxd4 23. Nf6+ Kg7 24. Nxe8+ Rxe8 25. Qg4 h5 26. Qg3 h4 27. Qf2 Qd7 28. f5 g5 29. Rae1 f6 30. Rxe8 Qxe8 31. Qxd4 Qc6 32. Qf2 Qd5 33. Re1 Kf7 34. Be4 1-0